|
|
|
|
| LEADER |
00000nam0a2200000 4500 |
| 001 |
312542 |
| 005 |
20231102002509.0 |
| 035 |
|
|
|a (RuTPU)RU\TPU\book\337911
|
| 090 |
|
|
|a 312542
|
| 100 |
|
|
|a 20151223d1967 m y0rusy50 ca
|
| 101 |
0 |
|
|a rus
|
| 102 |
|
|
|a RU
|
| 105 |
|
|
|a a z 001zy
|
| 200 |
1 |
|
|a Конструирование рациональных механизмов
|f Л. Н. Решетов
|
| 210 |
|
|
|a Москва
|c Машиностроение
|d 1967
|
| 215 |
|
|
|a 208 с.
|c ил.
|
| 225 |
1 |
|
|a Библиотека конструктора
|
| 320 |
|
|
|a Библиогр.: с. 205-206
|
| 606 |
1 |
|
|a Плоские механизмы
|x Проектирование
|2 stltpush
|3 (RuTPU)RU\TPU\subj\49292
|9 68093
|
| 610 |
1 |
|
|a шарнирные механизмы
|
| 610 |
1 |
|
|a звенья
|
| 610 |
1 |
|
|a самоустанавливаемость
|
| 610 |
1 |
|
|a трение
|
| 610 |
1 |
|
|a влияние
|
| 610 |
1 |
|
|a конструкции
|
| 610 |
1 |
|
|a расчет
|
| 675 |
|
|
|a 621.837
|v 4
|
| 700 |
|
1 |
|a Решетов
|b Л. Н.
|g Леонид Николаевич
|
| 801 |
|
1 |
|a RU
|b 63413507
|c 20151223
|
| 801 |
|
2 |
|a RU
|b 63413507
|c 20221025
|g RCR
|
| 942 |
|
|
|c BK
|